Countries that Start with E - Sudden Death - Statistics

General Stats
  • This quiz has been taken 169 times
  • The average score is 9 of 9
Answers on the Grid
Answers color-coded by a green-red scale on the quiz's grid according to % correct below.
East Peoria
East Timor
Easter Island
Ecuador
Edinburgh
Edmonton
Egypt
El Paso
El Salvador
Ellesmere Island
Elmhurst
Equatorial Guinea
Eritrea
Estonia
Eswatini
Ethiopia
Evanston
Exeter
 
Answer Stats
Answer % Correct
Ecuador
99%
Egypt
99%
Estonia
99%
Ethiopia
99%
El Salvador
97%
East Timor
95%
Equatorial Guinea
92%
Eritrea
92%
Eswatini
91%
No matching quizzes found
Score Distribution
Percent of People with Each Score
Percentile by Number Answered
Your Score History
You have not taken this quiz